Literary Classics In 3 Words Quiz Stats

 Plays Quiz Updated Sep 8, 2019

Support Sporcle.
Go Orange.
Score 0/18 Timer 05:00
5 Plays Today
% Correct
'Frankenstein'
Mary Shelley
⭐ ⭐ ⭐
96.5%
'Little Women'
Louisa M. Alcott
⭐ ⭐ ⭐
94.5%
'The Old Man
And The Sea'
Ernest Hemingway
⭐ ⭐ ⭐
93%
'Lord of
the Flies'
William Golding
⭐ ⭐ ⭐
92.9%
'The Grapes
of Wrath'
John Steinbeck
⭐ ⭐ ⭐
90.9%
'Animal Farm'
George Orwell
⭐ ⭐ ⭐
90.6%
'Don Quixote'
Miguel de Cervantes
⭐ ⭐ ⭐
90.1%
'Lolita'
Vladimir Nabokov
⭐ ⭐ ⭐
89.9%
'The Call of
the Wild'
Jack London
⭐ ⭐ ⭐
89.6%
% Correct
'One Flew Over
The Cuckoo's Nest'
Ken Kesey
⭐ ⭐ ⭐
88.5%
'The Great Gatsby'
F. Scott Fitzgerald
⭐ ⭐ ⭐
88.5%
'The Scarlet Letter'
Nathanial Hawthorne
⭐ ⭐ ⭐
88%
'Fahrenheit 451'
Ray Bradbury
⭐ ⭐ ⭐
87.4%
'The Crucible'
Arthur Miller
⭐ ⭐ ⭐
87.2%
'Brave New World'
Aldous Huxley
⭐ ⭐ ⭐
84%
'The Fountainhead'
Ayn Rand
⭐ ⭐ ⭐
79%
'The Catcher
in the Rye'
J. D. Salinger
⭐ ⭐ ⭐
76.4%
'The Jungle'
Upton Sinclair
⭐ ⭐ ⭐
75.2%

You're not logged in!

Compare scores with friends on all Sporcle quizzes.
OR
Log In

From the Vault

Most HRs by Two Teammates

by rk559

He had 30 home runs, over 100 RBI last year; he's got a rocket for an arm! They don't know what the heck they're doing!
Remove Ads.
Support Sporcle.
Get the best of Sporcle when you Go Orange. This ad-free experience offers more features, more stats, and more fun while also helping to support Sporcle. Thank you for becoming a member.

Show Comments

Extras

Top Quizzes Today


Score Distribution

Your Account Isn't Verified!

In order to create a playlist on Sporcle, you need to verify the email address you used during registration. Go to your Sporcle Settings to finish the process.

Report this User

Report this user for behavior that violates our Community Guidelines.

Details: